| 000 | 00000cas 2200000zi 4500 |
| 001 | 9.909884 |
| 003 | CaOODSP |
| 005 | 20260424085127 |
| 006 | m o d f |
| 007 | cr cn||||||||| |
| 008 | 220406c20219999oncar p o f0###b0fre|d |
| 022 | |a2816-4709 |
| 040 | |aCaOODSP|bfre|erda|cCaOODSP |
| 043 | |an-cn-ns |
| 086 | 1 |aFs74-47F-PDF |
| 222 | 0|aInstructions nautiques du Canada. ATL 105, Cape Canso à Cape Sable (y compris l'Île de Sable) |
| 245 | 00|aInstructions nautiques du Canada. |nATL 105, |pCape Canso à Cape Sable (y compris l'île de Sable). |
| 246 | 30|aCape Canso à Cape Sable (y compris l'île de Sable) |
| 264 | 1|aOttawa, Ontario, Canada :|bService hydrographique du Canada, Pêches et océans Canada = Canadian Hydrographic Service, Fisheries and Oceans Canada, |c[2022]- |
| 310 | |aAnnuel |
| 336 | |atexte|btxt|2rdacontent/fre |
| 337 | |ainformatique|bc|2rdamedia/fre |
| 338 | |aressource en ligne|bcr|2rdacarrier/fre |
| 362 | 1 |aParaît depuis : 12/2021. |
| 500 | |aPublié aussi en anglais sous le titre : Canadian sailing directions. ATL 105, Cape Canso to Cape Sable (including Sable Island). |
| 588 | |aDescription d'après : 12/2021. |
| 588 | |aDernière livraison consultée : 12/2021. |
| 650 | 6|aNavigation|zNouvelle-Écosse|vPériodiques. |
| 655 | 7|aPériodiques|2rvmgf |
| 710 | 2 |aService hydrographique du Canada, |eorganisme de publication. |
| 775 | 08|tCanadian sailing directions. |w(CaOODSP)9.909885 |
| 780 | 00|tInstructions nautiques. |w(CaOODSP)9.908507 |